| 000 | 00000nam 2200000zi 4500 |
| 001 | 9.940471 |
| 003 | CaOODSP |
| 005 | 20240725152347 |
| 006 | m o d f |
| 007 | cr cn||||||||| |
| 008 | 240711e201211##onc ob f000 0 eng d |
| 040 | |aCaOODSP|beng|erda|cCaOODSP |
| 043 | |an-cn--- |
| 086 | 1 |aIN4-49/2012E-PDF |
| 245 | 00|aInternal audit report on information management / information technology (IM/IT) : |bgovernance. |
| 264 | 1|a[Ottawa] : |bOffice of the Superintendent of Financial Institutions Canada = Bureau du surintendant des institutions financières Canada, |cNovember 2012. |
| 300 | |a1 online resource (13 pages) |
| 336 | |atext|btxt|2rdacontent |
| 337 | |acomputer|bc|2rdamedia |
| 338 | |aonline resource|bcr|2rdacarrier |
| 500 | |aIssued also in French under title: Rapport sur l’audit interne de la gouvernance de la gestion de l’information et des technologies de l’information. |
| 504 | |aIncludes bibliographical references (page 13). |
| 610 | 20|aOffice of the Superintendent of Financial Institutions Canada|xAuditing. |
| 650 | 0|aRecords|zCanada|xManagement|xAuditing. |
| 650 | 0|aInformation resources management|zCanada|xAuditing. |
| 710 | 2 |aOffice of the Superintendent of Financial Institutions Canada, |eissuing body. |
| 775 | 08|tRapport sur l’audit interne de la gouvernance de la gestion de l’information et des technologies de l’information.|w(CaOODSP)9.941059 |
| 856 | 40|qPDF|s635 KB|uhttps://publications.gc.ca/collections/collection_2024/bsif-osfi/IN4-49-2012-eng.pdf |